000 00267nam a2200097Ia 4500
005 20251222114344.0
008 251222s1900||||xx |||||||||||||| ||spa||
082 _aDVD0092/C75/2004
245 0 _aComunione e Liberazione 1954-2004. Viaggio ai confini del mondo:
942 _cDVD
999 _c963
_d963